000 00286nam a22001337a 4500
008 181106b xxu||||| |||| 00| 0 eng d
020 _a9780973529814
041 _aeng
080 _a370
100 _a49
101 _aEDU
245 _aMaking Your Mark
_cFraser.L
942 _2udc
_cBK
999 _c51986
_d51986